Countries with 5 letters- Shape - Statistics

General Stats
  • This quiz has been taken 42 times
  • The average score is 14 of 17
Answer Stats
Picture Answer % Correct
Japan
100%
Spain
97%
Chile
94%
China
94%
India
94%
Italy
94%
Egypt
89%
Nepal
86%
Haiti
83%
Yemen
83%
Libya
80%
Ghana
77%
Sudan
74%
Samoa
71%
Malta
66%
Palau
63%
Syria
60%
No matching quizzes found
Score Distribution
Percent of People with Each Score
Percentile by Number Answered
Your Score History
You have not taken this quiz